Piezoelectric Aeroelastic Energy Harvesting (Record no. 591372)

000 -LEADER
fixed length control field 00446nam a22001457a 4500
020 ## - INTERNATIONAL STANDARD BOOK NUMBER
International Standard Book Number 9780128239681
040 ## - CATALOGING SOURCE
Transcribing agency NUST
082 ## - DEWEY DECIMAL CLASSIFICATION NUMBER
Classification number 621.042 ELA
100 ## - MAIN ENTRY--PERSONAL NAME
Personal name Elahi, Hassan:
9 (RLIN) 98805
110 ## - MAIN ENTRY--CORPORATE NAME
Corporate name or jurisdiction name as entry element Eugeni, Marco , Gaudenzi, Paolo
9 (RLIN) 98806
245 ## - TITLE STATEMENT
Title Piezoelectric Aeroelastic Energy Harvesting
260 ## - PUBLICATION, DISTRIBUTION, ETC.
Place of publication, distribution, etc. United Kingdom:
Name of publisher, distributor, etc. Elsevier,
Date of publication, distribution, etc. 2022.
650 ## - SUBJECT ADDED ENTRY--TOPICAL TERM
Topical term or geographic name entry element Piezoelectric Aeroelastic Energy Harvesting. NUSTTB2022
9 (RLIN) 104121
942 ## - ADDED ENTRY ELEMENTS (KOHA)
Source of classification or shelving scheme
Koha item type Book
Holdings
Withdrawn status Lost status Source of classification or shelving scheme Damaged status Not for loan Permanent Location Current Location Shelving location Date acquired Total Checkouts Full call number Barcode Date last seen Price effective from Koha item type
          College of Electrical & Mechanical Engineering (CEME) College of Electrical & Mechanical Engineering (CEME) General Stacks 09/07/2022   621.042 ELA CEME-50858 09/07/2022 09/07/2022 Book
          College of Electrical & Mechanical Engineering (CEME) College of Electrical & Mechanical Engineering (CEME) General Stacks 12/05/2022   280 SCB CEME-50858-A 12/05/2022 12/05/2022 Book
© 2023 Central Library, National University of Sciences and Technology. All Rights Reserved.